<?xml version="1.0" encoding="UTF-8"?>
<marc:record xmlns:marc="http://www.loc.gov/MARC21/slim">
   <marc:leader>00000nam a2200000 a 4500</marc:leader>
   <marc:datafield ind1="0" ind2="0" tag="245">
      <marc:subfield code="a">Der Fall Bruckner</marc:subfield>
   </marc:datafield>
   <marc:datafield ind1="0" ind2="0" tag="245">
      <marc:subfield code="c">Regie: Urs Egger. Darsteller: Corinna Harfouch, Christiane Paul, Elon Baer, Max Pufendorf, Meike Droste</marc:subfield>
   </marc:datafield>
   <marc:datafield ind1=" " ind2="1" tag="264">
      <marc:subfield code="a">Geiselgasteig</marc:subfield>
      <marc:subfield code="b">Euro Video Medien</marc:subfield>
      <marc:subfield code="c">2015</marc:subfield>
   </marc:datafield>
   <marc:datafield ind1="1" ind2=" " tag="490">
      <marc:subfield code="a">3</marc:subfield>
   </marc:datafield>
   <marc:datafield ind1="1" ind2=" " tag="520">
      <marc:subfield code="a">Katharina Bruckner muss sich im Jugendamt mit vielen schweren Fällen herumschlagen. Auch zu Hause steht sie unter Stress: Ihren Mann, sieht sie Arm in Arm mit einer Jüngeren. Und ihre Tochter, halst ihr kurzerhand den Enkelsohn auf. In dieser Situation bittet Schulpsychologe Schubert sie um Mithilfe: die Architektin Bremer ist mit ihrem siebenjährigen Sohn wegen dessen Überaktivität in der Schule bei ihm erschienen.</marc:subfield>
   </marc:datafield>
   <marc:datafield ind1=" " ind2=" " tag="020">
      <marc:subfield code="a">4009750213001</marc:subfield>
      <marc:subfield code="9">4009750213001</marc:subfield>
   </marc:datafield>
   <marc:datafield ind1="0" ind2=" " tag="490">
      <marc:subfield code="v">0</marc:subfield>
   </marc:datafield>
   <marc:datafield ind1=" " ind2=" " tag="300">
      <marc:subfield code="a">ca. 89 Min.</marc:subfield>
   </marc:datafield>
</marc:record>
